|
|
|
|
| LEADER |
02778nam a22004455i 4500 |
| 001 |
978-88-470-2718-3 |
| 003 |
DE-He213 |
| 005 |
20151204163429.0 |
| 007 |
cr nn 008mamaa |
| 008 |
121009s2012 it | s |||| 0|ita d |
| 020 |
|
|
|a 9788847027183
|9 978-88-470-2718-3
|
| 024 |
7 |
|
|a 10.1007/978-88-470-2718-3
|2 doi
|
| 040 |
|
|
|d GrThAP
|
| 050 |
|
4 |
|a R895-920
|
| 072 |
|
7 |
|a MMPH
|2 bicssc
|
| 072 |
|
7 |
|a MMP
|2 bicssc
|
| 072 |
|
7 |
|a MED008000
|2 bisacsh
|
| 082 |
0 |
4 |
|a 616.0757
|2 23
|
| 100 |
1 |
|
|a Regine, Giovanni.
|e author.
|
| 245 |
1 |
0 |
|a Ecocontrastografia dell’apparato urinario
|h [electronic resource] /
|c by Giovanni Regine, Maurizio Atzori, Romano Fabbri.
|
| 264 |
|
1 |
|a Milano :
|b Springer Milan :
|b Imprint: Springer,
|c 2012.
|
| 300 |
|
|
|a VII, 56 pagg.
|b online resource.
|
| 336 |
|
|
|a text
|b txt
|2 rdacontent
|
| 337 |
|
|
|a computer
|b c
|2 rdamedia
|
| 338 |
|
|
|a online resource
|b cr
|2 rdacarrier
|
| 347 |
|
|
|a text file
|b PDF
|2 rda
|
| 505 |
0 |
|
|a Introduzione -- Rene -- Vie urinarie e vescica -- Mdc in ecografia pediatrica e nello studio dei reflussi vescico-uretrali: “cistosonografia” -- Conclusioni.
|
| 520 |
|
|
|a L’ecocontrastografia si è rivelata spesso risolutiva ai fini della diagnosi rendendo superfluo il ricorso ad altre metodiche di imaging più impegnative per il paziente e più costose per la collettività. Questo ha spinto ad un sempre maggiore utilizzo delle “microbolle” anche in altri campi di applicazione come quello del trapianto renale, del reflusso vescico-ureterale sino ad arrivare ad un tentativo di tipizzazione delle lesioni solide renali o di stadiazione delle lesioni vescicali. L'ecocontrastografia dell'apparato urinario ha pertanto acquistato pari dignità rispetto ad altri esami contrastografici, risultando "problem-solving examination". La casistica personale degli autori e i dati riportati in letteratura per ciascun organo valutato (rene, vescica e vie urinarie) sono alla base della trattazione, che intende sottolineare il ruolo del mezzo di contrasto ultrasonografico di II generazione nella detection e caratterizzazione delle patologie dell’apparato urinario. Il volume si rivolge principalmente allo specializzando ma risulterà di uguale interesse anche per il radiologo e il clinico esperti che desiderino approfondire l'argomento.
|
| 650 |
|
0 |
|a Medicine.
|
| 650 |
|
0 |
|a Radiology.
|
| 650 |
1 |
4 |
|a Medicine & Public Health.
|
| 650 |
2 |
4 |
|a Imaging / Radiology.
|
| 700 |
1 |
|
|a Atzori, Maurizio.
|e author.
|
| 700 |
1 |
|
|a Fabbri, Romano.
|e author.
|
| 710 |
2 |
|
|a SpringerLink (Online service)
|
| 773 |
0 |
|
|t Springer eBooks
|
| 776 |
0 |
8 |
|i Printed edition:
|z 9788847027176
|
| 856 |
4 |
0 |
|u http://dx.doi.org/10.1007/978-88-470-2718-3
|z Full Text via HEAL-Link
|
| 912 |
|
|
|a ZDB-2-SME
|
| 950 |
|
|
|a Medicine (Springer-11650)
|